00327nam a2200121Ia 4500008004100000020001200041040001500053041001200068082001700080100002100097245005900118260002800177230917s9999||||xx |||||||||||||| ||und|| cPOU4.95 e5867aMAIN aEnglish a362.734 F57B aFitzgerald, John 0aBuilding new families: through adoption and fosterinmg aOxfordbBasil Blackwell